LEADER 01633nam a2200373 a 4500 001 000000127388 003 CaOOAMICUS 005 20150622163920.0 008 120130s2011 it u000 u ita r 040 $aPUL$bita 041 1 $aita$hger 082 04$a150 100 1 $aFreud, Sigmund,$d1856-1939.$0(OLS)http://pul/name/1881 245 10$aSessualità e vita amorosa /$cSigmund Freud ; traduzioni di Jean Sanders, Leonardo Breccia, Delia Agozzino e Irene Castiglia. 260 $aMilano :$bIl Sole 24 ore,$c©2011$aRoma :$bNewton Compton Editori 300 $a310 p. ;$c22 cm 490 1 $aTutto Freud ;$v4 500 $aEd. speciale per Il Sole 24 Ore. 500 $aSul front.: Edizione integrale. 650 4$aPsicanalisi$xStudi.$0(OLS)http://pul/subject/12450 650 4$aSesso (psicologia).$0(OLS)http://pul/subject/25744 700 1 $aBreccia, Leonardo.$0(OLS)http://pul/name/81256 700 1 $aCastiglia, Irene.$0(OLS)http://pul/name/81250 700 1 $aSanders, Jean.$0(OLS)http://pul/name/81255 700 1 $aAgozzino, Delia.$0(OLS)http://pul/name/81155 830 0$aTutto Freud ;$v4.$0(OLS)http://pul/title/160403 850 $aPUL 852 $aPUL$W1$xDP2 Filosofia 3$y112$m150 COLL 5.4$j147373$qDDC 21$B146007$CPULBib$Z2$F146007 $H118470 $82 941 1 $a9 996 $6082$a150$9(OLS)http://pul/classification/361 996 $6245$aSessualità e vita amorosa$9(OLS)http://pul/title/160966 996 $6260$aMilano :$bIl Sole 24 ore$9(OLS)http://pul/publisher/69212 996 $6260$aRoma :$bNewton Compton Editori$9(OLS)http://pul/publisher/68839 LEADER 01413cam a22003014a 4500 001 000000118633 003 CaOOAMICUS 005 20091207131044.0 008 091207s1999 it o b 000 0 ita r 020 $a88-420-5842-4 040 $aPUL$bita$dReb 041 1 $aita$heng 100 1 $aFeyerabend, Paul Karl,$d1924-1994.$0(OLS)http://pul/name/36220 245 10$aAmmazzando il tempo :$bun'autobiografia /$cPaul K. Feyerabend. 260 $aRoma ;$aBari :$bLaterza,$c©1999. 300 $a206 p. :$bill. ;$c21 cm. 490 1 $aEconomica Laterza ;$v180 500 $aSul verso del front.: traduzione dall'originale inglese di Alessandro De Lachenal. 650 4$aFilosofia della scienza.$0(OLS)http://pul/subject/5136 700 1 $aDe Lachenal, Alessandro.$0(OLS)http://pul/name/73321 700 1 $aFeyerabend, Paul Karl,$d1924-1994.$tAutobiografia.$0(OLS)http://pul/nameTitle/1074$0(OLS)http://pul/name/36220$0(OLS)http://pul/title/149291 830 0$aEconomica Laterza ;$v180.$0(OLS)http://pul/title/39309 850 $aPUL 852 $aPUL$W1$xSL Filosofia 3$y81$m193 FEYPA 1$j136112$qDDC 21$B135100$CPULBib$Z2$F135100 $H111800 $82 941 1 $a9 996 $6020$a88-420-5842-4$9(OLS)http://pul/number/142709 996 $6245$aAmmazzando il tempo :$bun'autobiografia$9(OLS)http://pul/title/149290 996 $6260$aRoma ;$aBari :$bLaterza$9(OLS)http://pul/publisher/57682